[Event "FIDE Chesscom Grand Swiss 2021"]
[Site "Riga"]
[Date "2021.10.29"]
[Round "3.27"]
[White "Sargissian, Gabriel"]
[Black "Kravtsiv, Martyn"]
[Result "1-0"]
[WhiteElo "2664"]
[BlackElo "2625"]
[Annotator "TA"]
[PlyCount "131"]
[EventDate "2021.10.27"]
[EventType "swiss"]
[EventCountry "LAT"]
[Tiebreak "Cut1 Buchholz+Sonneborn-Berger (Swiss)"]
[SourceTitle "playchess.com"]
[Source "ChessBase"]
[SourceQuality "1"]

{[%evp 12,131,18,-6,17,19,22,25,15,24,32,7,59,63,80,52,87,87,139,130,126,89,
102,105,149,146,166,141,146,140,140,141,125,119,139,112,134,132,139,131,131,
132,166,175,257,124,117,116,122,125,131,108,107,104,112,108,129,114,115,115,
135,133,137,137,137,137,180,175,170,165,183,183,203,224,253,250,227,257,257,
255,248,193,234,236,240,236,279,268,276,276,268,256,256,229,205,196,279,300,
279,272,328,325,568,539,495,390,396,382,520,509,501,498,550,519,552,530,934,
931,1264,1195,1079,974]} 1. d4 Nf6 2. c4 e6 3. g3 d5 4. Bg2 Bb4+ 5. Nd2 O-O 6.
Ngf3 dxc4 7. Qc2 (7. a3 $5 {[%cal Ra3b4]} Bxd2+ 8. Bxd2 $11) 7... b5 {E04:
Open Catalan: 5 Nf3.} 8. a4 Bb7 9. axb5 Qd5 {White has an edge.} 10. O-O Qxb5
11. Qxc4 {[#]} Qxc4 $146 (11... a6 $11) ({Predecessor:} 11... Qb6 12. Qc2 Nbd7
13. Nc4 Qb5 14. b3 Be4 15. Qa2 a5 16. Bd2 Nb6 17. Rfc1 Bd5 {1/2-1/2 (27)
Stillger,B (2261)-Kozak,A (2376) Basel 2017}) 12. Nxc4 $14 Nbd7 13. Bf4 Nd5 14.
Bd2 Be7 ({Black should try} 14... Rfc8) 15. Rfc1 $1 $16 Rfc8 16. Ne1 c5 17. Na5
Rab8 18. b4 {[%cal Bb2b4,Bb4c5][%mdl 32]} Ba6 ({Avoid the trap} 18... cxb4 $2
19. Rxc8+ Bxc8 20. Nc6) 19. bxc5 {aiming for Nc4.} Bxe2 20. Nc4 Rb7 21. Bxd5
exd5 22. Ne3 {Strongly threatening c6.} Nf6 23. f3 Kf8 24. Kf2 Bb5 25. N1c2 Bd8
26. Ra3 Bc6 27. Rca1 Rcb8 (27... a5 $142 28. Bxa5 Bxa5) 28. Rxa7 (28. Ra6 $18 {
and the rest is easy.} Be8 29. Rxa7) 28... Rxa7 29. Rxa7 Ra8 30. Rxa8 Bxa8 31.
Nf5 Ng8 32. Bf4 g6 33. Nfe3 Ke7 34. Nb4 Ke6 35. Bd6 Bg5 36. Nec2 Nf6 37. Bf4
Bxf4 38. gxf4 {[%mdl 4096] Endgame KBN-KNN} Ng8 39. Na3 Ne7 40. Nb5 {Black
must now prevent Nc7+.} Kd7 41. Nd6 Ke6 42. Nd3 Bc6 43. Ne5 $1 f6 {[#]} 44. f5+
$1 gxf5 45. Nd3 Ba4 46. Nf4+ Kd7 47. Nh5 Ke6 48. Ke3 Bc2 49. Kd2 Ba4 50. Ng7+
Kd7 51. Ndxf5 ({Resist} 51. Ngxf5 $6 Nc6 $16) 51... Nc6 52. Nh5 Ke6 {[#]} 53.
Nhg3 Bb5 (53... Bb3 $142 54. Ne3 Nxd4) 54. Kc3 $18 Ba6 55. Nd6 Ke7 56. f4 Ke6 (
56... Kd7 57. h3 Ne7) 57. Ne8 Bc4 58. Ng7+ Kd7 59. N7f5 Na7 60. Nd6 {White is
clearly winning.} Ba6 61. Ngf5 Be2 62. Nh6 Nc6 {If Black can now play ...Ne7
this consolidates a bit.} 63. Ng8 h5 64. f5 Bf3 65. Nxf6+ Ke7 66. Nh7 {
Weighted Error Value: White=0.08/Black=0.23} 1-0

[Event "FIDE Chesscom Grand Swiss 2021"]
[Site "Riga"]
[Date "2021.10.29"]
[Round "3.28"]
[White "Grandelius, Nils"]
[Black "Zvjaginsev, Vadim"]
[Result "1/2-1/2"]
[WhiteElo "2662"]
[BlackElo "2609"]
[Annotator "TA"]
[PlyCount "80"]
[EventDate "2021.10.27"]
[EventType "swiss"]
[EventCountry "LAT"]
[Tiebreak "Cut1 Buchholz+Sonneborn-Berger (Swiss)"]
[SourceTitle "playchess.com"]
[Source "ChessBase"]
[SourceQuality "1"]

{[%evp 10,80,18,20,20,12,13,15,5,0,0,0,0,0,0,0,0,-39,-26,-32,-12,-23,-19,-87,
-70,-40,-35,-31,-25,-53,-61,-53,-16,-21,0,-56,-40,-35,-24,-41,-35,-25,-36,-35,
-35,-34,-29,-25,-35,-161,-168,-157,-164,-158,-164,-171,-9,-21,0,-144,-75,-80,
-90,-132,-133,-132,-48,-56,0,0,0,0,0]} 1. e4 c5 2. Nf3 Nc6 3. Bb5 g6 4. O-O Bg7
5. d3 Nf6 6. Nc3 O-O {B31: Sicilian: 2...Nc6 3 Bb5 g6.} 7. e5 Ne8 8. Bxc6 bxc6
9. Bf4 f6 10. Re1 fxe5 11. Bxe5 d6 12. Bxg7 Nxg7 {[#]} 13. Ne4 $146 ({
Predecessor:} 13. d4 Bg4 14. dxc5 Bxf3 15. gxf3 d5 16. Qe2 Rf7 17. Qe5 Qd7 18.
Rad1 Raf8 19. Rd3 {0-1 (62) Timman,J (2528)-Reinderman,D (2575) Amstelveen 2019
}) 13... Bg4 14. Ned2 e5 15. c3 Rb8 16. b3 (16. Qa4 $11 {keeps the balance.}
Qd7 17. b3) 16... Ne6 $17 17. h3 Bxf3 18. Nxf3 Qf6 19. Qd2 Nf4 {Strongly
threatening ...Nxg2!} 20. Re3 Nd5 21. Re4 Nf4 {Hoping for ...Nxg2!} 22. Re3 d5
23. Rae1 d4 (23... Rbd8 {is interesting.} 24. Qc2 d4 25. cxd4 cxd4 26. Rxe5
Nxg2 27. Kxg2 Qxf3+ 28. Kg1 Qxh3 29. R1e4 Qf3) 24. cxd4 cxd4 25. Rxe5 {[#]}
Nxg2 $1 {[%mdl 64] Discovered Attack, Remove Defender} 26. Kxg2 Qxf3+ 27. Kg1
Qxh3 {aiming for ...Qg4+.} 28. R1e4 Rf7 $36 {[%mdl 2048] Black is pushing.} 29.
Re8+ (29. Qe2 $15) 29... Rxe8 $19 30. Rxe8+ {[%mdl 4096] Endgame KQR-KQR} Kg7 {
...Rf5 is the strong threat.} 31. Qe2 {[#]} Rf5 {[%cal Rf5g5] ( -> ...Rg5+)}
32. Re5 {[#]} Rf4 (32... Kf6 $1 $19 33. Rxf5+ Qxf5) 33. Re4 $11 {[%cal Re4f4]}
Rf5 (33... Rxe4 $11 34. Qxe4 Qd7) 34. Re5 $1 $17 Qf3 (34... Kf6 $142 35. Rxf5+
Qxf5) 35. Qxf3 Rxf3 {KR-KR} 36. Rc5 Rxd3 37. Rxc6 Rc3 (37... h5 $17 38. Ra6 h4
39. Rxa7+ Kf6) 38. Ra6 $1 $15 Rc7 ({Better is} 38... h5 $15) 39. Rd6 $11 Rc2
40. a4 Rb2 {Weighted Error Value: White=0.13/Black=0.21} 1/2-1/2

[Event "FIDE Chesscom Grand Swiss 2021"]
[Site "Riga"]
[Date "2021.10.29"]
[Round "3.29"]
[White "Moussard, Jules"]
[Black "Cheparinov, Ivan"]
[Result "1-0"]
[WhiteElo "2632"]
[BlackElo "2659"]
[Annotator "TA"]
[PlyCount "81"]
[EventDate "2021.10.27"]
[EventType "swiss"]
[EventCountry "LAT"]
[Tiebreak "Cut1 Buchholz+Sonneborn-Berger (Swiss)"]
[SourceTitle "playchess.com"]
[Source "ChessBase"]
[SourceQuality "1"]

{[%evp 14,81,16,35,33,13,19,0,30,20,13,15,21,0,0,0,14,11,41,33,35,35,52,26,28,
17,45,6,18,0,68,64,77,75,75,66,62,54,73,63,100,60,141,98,139,141,154,148,150,
148,270,272,269,267,262,268,261,252,451,513,507,505,1647,1264,12838,12839,
12839,12839,29991,29992]} 1. e4 e5 2. Nf3 Nc6 3. Bc4 Nf6 4. Ng5 d5 5. exd5 Na5
6. Bb5+ c6 7. dxc6 bxc6 8. Bd3 $1 {[%mdl 4] outshines the older 8.Be2.} Nd5 {
C58: Two Knights: 4 Ng5 d5 5 exd5 Na5 sidelines.} 9. Nf3 Bd6 10. Nc3 Nf4 {
The position is equal.} 11. O-O Nxd3 12. cxd3 O-O 13. b3 $5 {[%mdl 4] An
interesting side line.} Re8 14. Re1 c5 15. Ba3 {[#]} f6 $146 ({Predecessor:} 
15... Nb7 16. Rc1 Qa5 17. Bb2 Bg4 18. h3 Bh5 19. Ne4 f6 20. Bc3 Qa6 21. g4 Bf7
{1-0 (40) Sargsyan,S (2594)-Pranesh,M (2425) Moscow 2020}) 16. Ne4 {d4 is the
strong threat.} Nb7 17. Rc1 Bf8 18. Rc3 ({Of course not} 18. Nxc5 Qa5 $17)
18... Qa5 19. Qc1 {[%cal Re4c5]} Be6 20. h3 {[%cal Re4c5]} Rac8 21. Nh2 Red8 (
21... Qb5 $11) 22. f4 $1 $14 Qb6 23. fxe5 f5 24. Ng5 Bd5 25. d4 h6 26. Ngf3 Be6
$1 {Black is now going downhill.} 27. Qb2 g5 (27... cxd4 $14 28. Rxc8 d3+ 29.
Kh1 Rxc8 30. Bxf8 Rxf8) 28. Kh1 g4 29. hxg4 fxg4 30. dxc5 Nxc5 {[#] aiming for
...Nd3!} 31. d4 $1 Nd7 (31... Na4 $16 32. bxa4 Qxb2 33. Bxb2 gxf3) 32. Rxc8 $18
Rxc8 33. Bxf8 Nxf8 {[#]} 34. d5 $1 gxf3 35. dxe6 fxg2+ $2 (35... f2 {is a
better defense.} 36. Rf1 Nxe6) 36. Qxg2+ Kh8 {[#]} 37. e7 {[%cal Re7f8]} Ne6 (
37... Nh7 $142 38. Rg1 Ng5) 38. Qf3 Qb4 39. Qf6+ {[%mdl 64] Double Attack} Kh7
40. Qf7+ Ng7 41. Rg1 {[%csl Gg1][%cal Rf7g7] Weighted Error Value: White=0.08/
Black=0.44} 1-0

[Event "FIDE Chesscom Grand Swiss 2021"]
[Site "Riga"]
[Date "2021.10.29"]
[Round "3.30"]
[White "Anton Guijarro, David"]
[Black "Sindarov, Javokhir"]
[Result "1-0"]
[WhiteElo "2658"]
[BlackElo "2587"]
[Annotator "TA"]
[PlyCount "83"]
[EventDate "2021.10.27"]
[EventType "swiss"]
[EventCountry "LAT"]
[Tiebreak "Cut1 Buchholz+Sonneborn-Berger (Swiss)"]
[SourceTitle "playchess.com"]
[Source "ChessBase"]
[SourceQuality "1"]

{[%evp 16,83,16,10,43,37,43,42,50,51,47,31,53,40,61,60,98,63,68,25,54,14,9,0,0,
0,0,0,0,5,7,0,169,154,150,-22,-22,-43,0,0,629,611,879,787,681,582,594,561,483,
153,309,131,144,159,125,138,131,107,162,64,427,417,702,540,1586,1602,1544,1510,
1407,1325]} 1. d4 Nf6 2. Nf3 g6 3. e3 Bg7 4. Be2 O-O 5. O-O d6 6. c4 Nbd7 7.
Nc3 e5 8. b4 Re8 9. Bb2 e4 {E61: King's Indian: Early deviations for White,
including Smyslov System.} 10. Nd2 Nf8 {[%cal Bd7f8,Bf8h7,Bh7g5,Bg5f3][%mdl 32]
} 11. a4 h5 {White is slightly better.} 12. a5 N8h7 13. a6 bxa6 14. Qc2 {
[%cal Rc3e4]} Ng5 {[#]} 15. Ra5 $146 ({Predecessor:} 15. h4 Ngh7 16. Ncxe4 Nxe4
17. Nxe4 Qxh4 18. Nd2 Qe7 19. Bf3 Rb8 20. b5 h4 21. Bc6 {1-0 (47) Khurtsidze,N
(2469)-Lubbe,M (2225) Ekaterinburg 2007}) 15... Bf5 16. Rfa1 (16. Rxa6 Nf3+ 17.
Kh1 (17. gxf3 exf3 {[%mdl 64] Discovered Attack} 18. Qd1 fxe2 $17) 17... Ng4
$17) 16... Rb8 17. b5 Ng4 {With the idea ...Nf3+!} 18. Bxg4 (18. Rxa6 Nf3+ 19.
Bxf3 (19. gxf3 $2 exf3 {[%mdl 64] Discovered Attack} 20. Qxf5 gxf5 $19) 19...
exf3 $17) 18... hxg4 19. Nd5 (19. Rxa6 $6 Bxd4 20. Nd5 (20. exd4 e3 $16) 20...
Be5 $16) 19... Nf3+ 20. gxf3 gxf3 21. Nf1 (21. Rxa6 $2 Qg5+ 22. Kf1 Bh3+ 23.
Ke1 Qg1+ 24. Nf1 Bxf1 $19) 21... Qh4 {aiming for ...g5.} 22. Ng3 {Kh1 is the
strong threat.} g5 {( -> ...Qh3)} 23. Kh1 (23. Rxa6 $2 Qh3 24. Ne7+ Rxe7 25.
Nxf5 Qg2#) 23... Bg4 $2 (23... Bh3 $1 $11) 24. Nxc7 $18 {[%mdl 64] Double
Attack} (24. Nxe4 $2 Re6 $19) 24... Re7 {[#]} 25. Rxa6 $2 (25. Nd5 $2 Re6 $19)
({White must play} 25. Ba3 $1 $16 {[%cal Ra3d6]} Rb6 26. Rxa6 (26. Nd5 Re6 $19)
26... Rxc7 27. Bxd6 Rxa6 28. bxa6) 25... f5 $11 26. c5 $1 {[%cal Rc5d6]} Rxc7
27. Rxd6 {Threatens to win with Qb3+.} (27. Rxa7 $2 Rxa7 28. Rxa7 Qh3 $19)
27... Bh8 $2 {[%mdl 8192]} (27... Re7 $11) 28. Qc4+ $18 Kf8 29. Rg6 {Qg8+
would kill now.} Qh7 30. Qe6 {Black must now prevent c6.} Qf7 {intending ...
Qxe6.} 31. Qd6+ Qe7 {Black hopes to continue with ...Qxd6.} 32. Ra5 $2 $40 {
[%mdl 128] Black is in trouble.} (32. Qa6 $18) 32... Kf7 $2 (32... f4 $16 {
might work better.} 33. Rxg5 (33. exf4 Qxd6 34. Rxd6 gxf4 $16) 33... Qxd6 34.
cxd6 Rc2) 33. Qxe7+ (33. Qa6 $18 {is more deadly.}) 33... Rxe7 $16 {[#]} 34.
Rga6 {[%cal Ra6a7]} f4 {[#]} 35. Nf1 ({Much worse is} 35. Rxa7 $6 fxg3 36.
Rxe7+ Kxe7 $11) 35... Bh3 36. Kg1 Bf6 (36... Bxf1 $16 37. Kxf1 Bf6) 37. Bc3 ({
Resist} 37. Rxa7 $6 Bxf1 38. Kxf1 Rh8 $14) (37. Nd2 $18) 37... Bd7 $2 {[%mdl
8192]} (37... Bxf1 $14 38. Kxf1 g4 39. Rxa7 (39. exf4 e3 $16) 39... fxe3 40.
fxe3 Bg5) 38. c6 $18 Be6 (38... Bc8 $142 39. Rxa7 Rxa7 40. Rxa7+ Ke8) 39. Rxa7
{White is clearly winning.} Ke8 40. Ra8 Rxa8 41. Rxa8+ Kf7 42. b6 {Weighted
Error Value: White=0.38/Black=0.81} 1-0

[Event "FIDE Chesscom Grand Swiss 2021"]
[Site "Riga"]
[Date "2021.10.29"]
[Round "3.31"]
[White "Cori, Jorge"]
[Black "Indjic, Aleksandar"]
[Result "0-1"]
[WhiteElo "2655"]
[BlackElo "2612"]
[Annotator "TA"]
[PlyCount "98"]
[EventDate "2021.10.27"]
[EventType "swiss"]
[EventCountry "LAT"]
[Tiebreak "Cut1 Buchholz+Sonneborn-Berger (Swiss)"]
[SourceTitle "playchess.com"]
[Source "ChessBase"]
[SourceQuality "1"]

{[%evp 13,98,38,45,25,16,22,26,36,38,23,34,31,70,60,84,77,77,84,89,62,63,63,64,
50,62,53,116,119,118,119,116,103,133,84,89,91,90,92,131,82,93,95,84,89,91,88,
138,102,238,203,341,337,350,350,673,668,610,85,92,-194,-210,-140,-77,-477,-478,
-483,-474,-467,-421,-485,-476,-454,-454,-29966,-29966,-29967,-29968,-29967,
-29971,-29970,-29971,-29971,-29972,-29984,-29985,-29985,29981]} 1. d4 Nf6 2. c4
e6 3. Nf3 c5 4. d5 d6 5. Nc3 exd5 6. cxd5 g6 7. Bf4 Bg7 8. h3 {A61: Modern
Benoni: Nf3 without early e4.} O-O 9. e3 Na6 $1 {9...Na6 is better than 9...a6.
} 10. Bxa6 {White has an edge.} bxa6 11. Rc1 Rb8 12. b3 {[#]} h6 $5 $146 {
[%mdl 8] New and interesting.} ({Predecessor:} 12... Nh5 13. Bh2 f5 14. O-O a5
15. Re1 Rb4 16. Nd2 f4 17. Nce4 fxe3 18. fxe3 Nf6 19. Nxd6 Nxd5 {1/2-1/2 (44)
Georgiadis,N (2525)-Papp,G (2603) Germany 2019}) 13. O-O g5 14. Bh2 a5 15. Nd2
Ba6 16. Nc4 Bxc4 17. bxc4 Qe7 18. Rb1 Nd7 19. Qc2 Ne5 (19... Bxc3 $14 20. Qxc3
Nb6) 20. Ne4 $16 {[%cal Bc3e4,Be4g3,Bg3f5][%mdl 32]} Rxb1 21. Rxb1 f5 22. Ng3
f4 23. Nf5 Qf6 24. e4 (24. exf4 gxf4 25. Nxg7 Qxg7 $14) 24... Ng6 25. g3 Qe5
26. gxf4 gxf4 27. Kh1 Ne7 {[%cal Re7f5] [#]} 28. Bxf4 $1 Qxf4 29. Nxe7+ Kf7 30.
Rb7 {White threatens e5 and mate.} Qf3+ (30... Be5 $16 31. Nc6+ {[%mdl 64]
Double Attack} Kg8 32. Nxe5 Qxe5) 31. Kg1 $18 {e5 would kill now.} Bd4 (31...
Be5 {might work better.}) 32. Nf5+ {[%mdl 64] Double Attack} (32. Rxa7 $2 Kg7
$19) 32... Kf6 33. Rg7 {Threatens to win with Qd2!} ({Don't go for} 33. Rxa7 $2
Rg8+ 34. Ng7 (34. Kf1 {is a self mate.} Qg2+ 35. Ke1 Qg1+ 36. Ke2 Qxf2+ 37. Kd3
Rg3+ {[%mdl 64] Deflection} 38. Nxg3 Qe3#) 34... Rxg7+ 35. Rxg7 Kxg7 $19) 33...
Qxh3 $2 (33... Be5 34. Rg6+ (34. Rxa7 $2 Rg8+ 35. Rg7 Rxg7+ 36. Nxg7 Kxg7 $19)
34... Kf7) 34. Rg3 Qh5 {Black hopes to continue with ...Be5.} 35. Qd2 $2 (35.
Kg2 $18 {and White stays clearly on top.}) 35... Rb8 $16 {( -> ...Rb1+)} 36.
Ne3 $2 {[%mdl 8192] [#]} (36. Qe1 $16) 36... Rb1+ $1 $19 37. Nf1 Be5 $40 {
[%mdl 128] White is in trouble.} (37... Ke5 $142 {Strongly threatening ...Rb2.}
38. Qd3 Rd1) 38. Kg2 $2 {[%mdl 8192] [#]} (38. Qd3 $17 {was the crucial
defense.} Bxg3 39. Qxb1) 38... Rxf1 $1 {[%mdl 512]} 39. Kxf1 {Hoping for Rg2.}
Bxg3 40. fxg3 {[%mdl 4096] Endgame KQ-KQ} Qh1+ {[%mdl 64] Double Attack} 41.
Kf2 {Threatening Qf4+.} Qh2+ 42. Ke1 Qxg3+ 43. Kd1 (43. Kf1 $19 Ke5 44. Qxa5)
43... Qg4+ {Black mates.} 44. Kc2 Qxe4+ 45. Kc3 Qd4+ 46. Qxd4+ cxd4+ 47. Kxd4
h5 48. c5 dxc5+ 49. Kxc5 Ke5 $4 {[%mdl 40960] Weighted Error Value: White=0.69/
Black=0.21. Sensor Board Error (Ke4/e5)?} (49... h4 {and all is fine.} 50. d6
h3 51. d7 Ke7 52. Kc6 Kd8 53. Kc5 h2 54. Kd4 h1=Q 55. Ke5 Kxd7 56. Kf4 Qe1 57.
Kf3 Kd6 58. Kg4 Ke5 59. Kf3 Kf5 60. a4 Qd2 61. Kg3 Qe2 62. Kh3 Kf4 63. Kh4 Qh2#
) 0-1

[Event "FIDE Chesscom Grand Swiss 2021"]
[Site "Riga"]
[Date "2021.10.29"]
[Round "3.32"]
[White "Pichot, Alan"]
[Black "Volokitin, Andrei"]
[Result "1/2-1/2"]
[WhiteElo "2628"]
[BlackElo "2652"]
[Annotator "TA"]
[PlyCount "43"]
[EventDate "2021.10.27"]
[EventType "swiss"]
[EventCountry "LAT"]
[Tiebreak "Cut1 Buchholz+Sonneborn-Berger (Swiss)"]
[SourceTitle "playchess.com"]
[Source "ChessBase"]
[SourceQuality "1"]

{[%evp 18,43,-20,-25,-29,-20,-19,-30,-27,-32,-33,-32,-34,-27,-7,-25,0,0,0,-12,
0,0,0,-14,0,0,7,-36]} 1. e4 e5 2. Nf3 Nc6 3. Bb5 a6 4. Ba4 Nf6 5. O-O Bc5 6. d3
b5 7. Bb3 d6 8. Be3 Bxe3 9. fxe3 Na5 10. Nc3 c6 {C77: Ruy Lopez: 3...a6 4 Ba4
Nf6, unusual lines.} 11. Qe1 O-O 12. Qg3 {[#]} Ra7 $146 {Black has an edge.} ({
Predecessor:} 12... Nxb3 13. axb3 a5 14. h3 h6 15. Nh4 Re8 16. Nf5 Bxf5 17.
Rxf5 Re6 18. Ne2 a4 19. bxa4 Rxa4 {1/2-1/2 (40) Trzeciak,R (2171)-Glaser,K 
(2284) ICCF email 2016}) 13. Nd2 Re8 14. Rf2 Nxb3 15. axb3 Nh5 16. Qf3 Qg5 {
[#] aiming for ...Bg4.} 17. h3 {The position is equal.} Nf6 18. Kh2 Qh6 {
Hoping for ...Ng4+.} 19. Kg1 Qg5 20. Kh2 Qh6 {White must now prevent ...Ng4+.}
21. Kg1 Qg5 22. Kh2 {Weighted Error Value: White=0.04/Black=0.06} 1/2-1/2

[Event "FIDE Chesscom Grand Swiss 2021"]
[Site "Riga"]
[Date "2021.10.29"]
[Round "3.33"]
[White "Yakubboev, Nodirbek"]
[Black "Sarana, Alexey"]
[Result "1/2-1/2"]
[WhiteElo "2621"]
[BlackElo "2649"]
[Annotator "TA"]
[PlyCount "60"]
[EventDate "2021.10.27"]
[EventType "swiss"]
[EventCountry "LAT"]
[Tiebreak "Cut1 Buchholz+Sonneborn-Berger (Swiss)"]
[SourceTitle "playchess.com"]
[Source "ChessBase"]
[SourceQuality "1"]

{[%evp 21,60,45,33,19,38,7,0,0,6,0,0,0,1,0,0,0,0,0,0,0,0,0,0,0,0,0,0,0,0,0,0,0,
0,0,0,0,0,0,0,0,0]} 1. Nf3 d5 2. g3 g6 3. Bg2 Bg7 4. d4 Nf6 5. c4 c6 6. Qb3 O-O
7. Nc3 Qb6 8. O-O Bf5 9. Ne5 Rd8 10. cxd5 Qxb3 11. axb3 cxd5 12. Bg5 {[#] D78:
Fianchetto Grünfeld: 6 0-0 c6.} Nc6 $146 ({Predecessor:} 12... Nbd7 13. Nxd7
Rxd7 14. Bxf6 Bxf6 15. Nxd5 Bxd4 16. Ra4 Bc5 17. Rc1 Rc8 18. Rac4 b6 19. b4 Be6
20. e4 {1-0 (20) Andersen,M (2504)-Nilssen,J (2300) Ballerup 2016}) 13. Nxc6
bxc6 {The position is equal.} 14. Ra6 Rdc8 15. Rfa1 Rab8 16. R1a3 Nd7 17. Bxe7
Bxd4 18. Bd6 Rb7 19. e3 Bc5 20. Bxc5 Nxc5 21. Rxa7 Rxa7 22. Rxa7 Nxb3 23. e4
dxe4 24. Bxe4 Be6 25. h4 Nd4 26. Ra4 (26. Rb7 {is more complex.} Rd8 27. Kg2 c5
28. Rb6 c4 29. Nb5) 26... c5 27. Ra8 Rxa8 28. Bxa8 Kf8 29. Kf1 Ke7 30. Ke1 f5 {
A rather calm draw.  Weighted Error Value: White=0.03/Black=0.00} 1/2-1/2

[Event "FIDE Chesscom Grand Swiss 2021"]
[Site "Riga"]
[Date "2021.10.29"]
[Round "3.34"]
[White "Ganguly, Surya Shekhar"]
[Black "Swiercz, Dariusz"]
[Result "0-1"]
[WhiteElo "2617"]
[BlackElo "2647"]
[Annotator "TA"]
[PlyCount "70"]
[EventDate "2021.10.27"]
[EventType "swiss"]
[EventCountry "LAT"]
[Tiebreak "Cut1 Buchholz+Sonneborn-Berger (Swiss)"]
[SourceTitle "playchess.com"]
[Source "ChessBase"]
[SourceQuality "1"]

{[%evp 17,70,16,35,37,10,25,23,16,11,9,5,4,26,-7,0,0,-5,-8,0,0,0,-10,0,-30,-48,
-47,-45,-28,-12,-30,-41,-75,-92,-64,-8,-248,-258,-243,-255,-241,-237,-497,-490,
-484,-478,-555,-547,-5583,-5425,-5106,-846,-686,-686,-983,-588]} 1. e4 c5 2.
Nf3 d6 3. d4 cxd4 4. Nxd4 Nf6 5. Nc3 a6 6. Be3 e5 7. Nb3 Be6 8. f3 h5 9. Qd2
Nbd7 10. Nd5 {10.Nd5 scores better than 10.0-0-0. B90: Sicilian Najdorf:
Unusual White 6th moves, 6 Be3 Ng4 and 6 Be3 e5.} Bxd5 11. exd5 g6 12. O-O-O {
White has an edge.} Bg7 13. Kb1 b5 {[#]} 14. Rg1 $146 ({Predecessor:} 14. c4
bxc4 15. Bxc4 a5 16. a4 O-O 17. Bb5 Nb6 18. Bg5 Qc8 19. Bxf6 Qf5+ 20. Qc2 Qxf6
{1-0 (60) Idani,P (2589)-Bosiocic,M (2600) Batumi 2018}) 14... Nb6 15. g4 (15.
Na5 {with more complications.} O-O 16. Nc6 Qc7 17. Bxb6 Qxb6 18. Bd3) 15...
Nfxd5 16. Bxb6 Nxb6 17. Qxd6 Qxd6 18. Rxd6 Nc4 19. Bxc4 bxc4 20. Na5 (20. Nc5 {
seems wilder.} hxg4 21. fxg4 Rxh2 22. a4 c3 23. b3) 20... hxg4 21. fxg4 c3 $1 (
{Reject} 21... Rxh2 $6 22. Nxc4 Rf2 23. g5 $11) 22. Nc6 Rxh2 {Hoping for ...
Rd2.} 23. bxc3 Kf8 {White must now prevent ...e4.} 24. Rf1 e4 25. Rd7 Kg8 (
25... f6 $15) 26. Rfxf7 $2 {This costs White the game.} ({Much worse is} 26.
Rdxf7 e3 $17) (26. Kb2 $11) 26... Bxc3 $19 27. Rf1 Kh8 {And now ...e3 would
win.} 28. Re7 Rc8 {Strongly threatening ...e3.} 29. g5 $2 (29. a4) 29... e3 $1
{[%cal Re3e2] Black is clearly winning.} 30. Rxe3 Rxc6 31. Re8+ Kh7 {( -> ...
Rb6+)} 32. Rf7+ Bg7 33. c3 Rb6+ (33... Rxc3 $142 34. Ree7 {[#]} Rg3 $1 35.
Rxg7+ Kh8 36. Rh7+ Rxh7 37. Re8+ Kg7) 34. Kc1 Rbb2 35. Ree7 {[#]} Rbg2 $1 {
Weighted Error Value: White=0.80/Black=0.40} 0-1

[Event "FIDE Chesscom Grand Swiss 2021"]
[Site "Riga"]
[Date "2021.10.29"]
[Round "3.35"]
[White "Abdusattorov, Nodirbek"]
[Black "Ter-Sahakyan, Samvel"]
[Result "1/2-1/2"]
[WhiteElo "2646"]
[BlackElo "2607"]
[Annotator "TA"]
[PlyCount "63"]
[EventDate "2021.10.27"]
[EventType "swiss"]
[EventCountry "LAT"]
[Tiebreak "Cut1 Buchholz+Sonneborn-Berger (Swiss)"]
[SourceTitle "playchess.com"]
[Source "ChessBase"]
[SourceQuality "1"]

{[%evp 9,63,16,23,22,13,8,19,2,33,24,39,44,39,39,39,49,34,21,0,0,0,25,2,17,18,
-61,-62,-73,-81,-76,-79,-91,-85,-96,-91,-80,-87,-92,-90,-95,-46,-52,-44,-50,
-49,-95,-36,-63,-8,-9,-9,-5,-8,-8,-8,-8]} 1. c4 e5 2. Nc3 Bb4 3. Nd5 Be7 4. Nf3
d6 5. d4 Nf6 6. Nc3 {A21: English Opening: 1...e5 2 Nc3.} exd4 7. Nxd4 d5 8.
Bf4 {[#]} Nh5 $146 ({Predecessor:} 8... O-O 9. e3 a6 10. Nf3 c6 11. cxd5 Nxd5
12. Nxd5 Qxd5 13. Qxd5 cxd5 14. O-O-O Nc6 {0-1 (77) Nepomniachtchi,I (2774)
-Anand,V (2756) Saint Louis 2019}) 9. Bg3 ({Don't go for} 9. Nxd5 $2 Nxf4 10.
Nxe7 Qxe7 $19) 9... c5 10. Ndb5 {[%cal Rb5c7]} Nxg3 11. hxg3 d4 12. Nd5 {
Strongly threatening Nbc7+.} Na6 13. Qa4 O-O 14. O-O-O Be6 $36 {[%mdl 2048]
White is under pressure.} 15. e4 h6 16. Kb1 Bxd5 17. exd5 ({White should try} 
17. cxd5 $11 Re8 18. Bc4) 17... Nb4 $15 18. a3 {[#]} a6 $1 19. Nxd4 {[#]} b5 $1
{[%cal Rb5a4]} 20. Qb3 bxc4 21. Bxc4 {Nf5 is the strong threat.} cxd4 22. axb4
{[#]} Rb8 $1 23. Qd3 ({Not} 23. Bxa6 $2 Rxb4 24. Qa2 Qd7 $19) 23... Rxb4 24.
Rhe1 Bd6 25. Re2 Qa5 {Hoping for ...Ra4.} 26. b3 Rfb8 {White must now prevent .
..Qa3.} 27. Rb2 $1 ({But not} 27. Qxd4 Qc7 $19) 27... Qb6 (27... Rc8 $17) 28.
Bxa6 {[#]} Rxb3 ({Better is} 28... Ra4 $1 $15 29. Bc4 Bc5) 29. Rxb3 $11 {
The position is equal.} Qxb3+ 30. Qxb3 Rxb3+ 31. Kc2 Ra3 32. Be2 {Weighted
Error Value: White=0.08/Black=0.09} 1/2-1/2